Baby & toddler : (Record no. 6937)

MARC details
000 -LEADER
fixed length control field 00939nam a22002417a 4500
001 - CONTROL NUMBER
control field 6937
003 - CONTROL NUMBER IDENTIFIER
control field FISKH
005 - DATE AND TIME OF LATEST TRANSACTION
control field 20250611085610.0
008 - FIXED-LENGTH DATA ELEMENTS--GENERAL INFORMATION
fixed length control field 250611b cb ||||| |||| 00| 0 eng d
020 ## - INTERNATIONAL STANDARD BOOK NUMBER
International Standard Book Number 9781908533678
040 ## - CATALOGING SOURCE
Original cataloging agency FISKH
Language of cataloging eng
Transcribing agency FISKH
Modifying agency FISKH
050 ## - LIBRARY OF CONGRESS CALL NUMBER
Classification number PZ7
082 ## - DEWEY DECIMAL CLASSIFICATION NUMBER
Classification number 641.56222
100 ## - MAIN ENTRY--PERSONAL NAME
Personal name Anyomous
245 ## - TITLE STATEMENT
Title Baby & toddler :
Remainder of title Delicious, simple recipes for everyday cooking /
Statement of responsibility, etc. Food recipes selected by Jonnie Leger
260 ## - PUBLICATION, DISTRIBUTION, ETC.
Place of publication, distribution, etc. Hertfordshire :
Name of publisher, distributor, etc. Transatlantic Press,
Date of publication, distribution, etc. 2011.
300 ## - PHYSICAL DESCRIPTION
Extent 46 pages :
Other physical details color illustrations ;
Dimensions 25 cm
490 ## - SERIES STATEMENT
Series statement Food lovers
520 ## - SUMMARY, ETC.
Summary, etc. Designed for those with busy lives and exacting standards in the kitchen, the budget cookery books in this series make no compromise, offering variety of choice, delicious and proven recipes with serving suggestions and brilliant design and photography.
650 ## - SUBJECT ADDED ENTRY--TOPICAL TERM
Topical term or geographic name entry element Food
Form subdivision Menu
942 ## - ADDED ENTRY ELEMENTS (KOHA)
Source of classification or shelving scheme Dewey Decimal Classification
Koha item type Books
Suppress in OPAC No
Holdings
Withdrawn status Lost status Source of classification or shelving scheme Damaged status Not for loan Collection Home library Current library Shelving location Date acquired Total Checkouts Full call number Barcode Date last seen Copy number Price effective from Koha item type
    Dewey Decimal Classification     Non-Fiction Footprints International School Library Network Toul Kork Campus Footprints International School Library Network Toul Kork Campus A TK Campus, 4th Floor, Room B401, Non-Fiction Bookcases(7-8) 06/11/2025   LEG 641.56222 PZ7 2025-1571 06/11/2025 1 06/11/2025 Books